| 000 | 01224nam a22003255a 4500 | ||
|---|---|---|---|
| 008 | 150818s2004 n a|||frb||| 001 0 eng d | ||
| 010 | _a 2004046073 | ||
| 020 | _a9781403962690 | ||
| 020 | _a1403962693 (pbk.) | ||
| 035 | _a(OCoLC)ocm54685370 | ||
| 040 |
_aEG-ScBUE _bEng _cEG-ScBUE |
||
| 082 | 0 | 4 |
_a364.1323 _bSTR _222 |
| 245 | 0 | 4 |
_aThe struggle against corruption : _ba comparative study / _cedited by Roberta Ann Johnson. |
| 250 | _a1st ed. | ||
| 260 |
_aNew York : _bPalgrave Macmillan, _cc.2004. |
||
| 300 |
_axi, 178 p. ; _c24 cm. |
||
| 490 | 0 | _aPerspectives in comparative politics. | |
| 500 | _aIndex : p. 169-178. | ||
| 504 | _aIncludes bibliographical references. | ||
| 590 | _aMenna Elemam | ||
| 650 | 0 |
_aCommercial crimes. _2BUEsh _91177 |
|
| 650 | 0 |
_aWhite collar crimes. _2BUEsh |
|
| 650 | 0 |
_aGlobalization. _2BUEsh |
|
| 651 | _2BUEsh | ||
| 653 |
_bBUSADM _cAugust2015 |
||
| 856 | 4 | 2 |
_3Contributor biographical information _uhttp://www.loc.gov/catdir/bios/hol059/2004046073.html |
| 856 | 4 | 2 |
_3Publisher description _uhttp://www.loc.gov/catdir/description/hol053/2004046073.html |
| 856 | 4 | 2 |
_3Table of contents _uhttp://www.loc.gov/catdir/toc/fy052/2004046073.html |
| 942 |
_cBB _k364.1323 STR _2ddc |
||
| 999 |
_c6954 _d6954 |
||